| 000 -LEADER |
| fixed length control field |
00824nam a22002297a 4500 |
| 005 - DATE AND TIME OF LATEST TRANSACTION |
| control field |
20240513141810.0 |
| 008 - FIXED-LENGTH DATA ELEMENTS--GENERAL INFORMATION |
| fixed length control field |
240513s2006 enk||||| |||| 00| 0 eng d |
| 020 ## - INTERNATIONAL STANDARD BOOK NUMBER |
| International Standard Book Number |
9780781762151x |
| 041 ## - LANGUAGE CODE |
| Language code of text/sound track or separate title |
eng |
| 080 ## - UNIVERSAL DECIMAL CLASSIFICATION NUMBER |
| Universal Decimal Classification number |
616.28 +616.89 S-12 |
| 100 ## - MAIN ENTRY--PERSONAL NAME |
| Personal name |
Sadock, Benjamin J. |
| 9 (RLIN) |
8717 |
| 245 ## - TITLE STATEMENT |
| Title |
Kaplan & Sadock's HandBook of Psychiatric Drug Treatment / |
| Statement of responsibility, etc. |
Benjamin J. Sadock, Virginia A.Sadock, Sussman Norman. |
| 250 ## - EDITION STATEMENT |
| Edition statement |
Fourth Edition |
| 264 ## - PRODUCTION, PUBLICATION, DISTRIBUTION, MANUFACTURE, AND COPYRIGHT NOTICE |
| Place of production, publication, distribution, manufacture |
Philadelphia : |
| Name of producer, publisher, distributor, manufacturer |
Lippincott Williams & Wilkins, |
| Date of production, publication, distribution, manufacture, or copyright notice |
2006. |
| 300 ## - PHYSICAL DESCRIPTION |
| Extent |
293 p.; |
| Other physical details |
22 cm. |
| 653 ## - INDEX TERM--UNCONTROLLED |
| keyword |
ფსიქიატრია |
| 653 ## - INDEX TERM--UNCONTROLLED |
| keyword |
ნარკომანია |
| 653 ## - INDEX TERM--UNCONTROLLED |
| keyword |
მედიცინა |
| 700 ## - ADDED ENTRY--PERSONAL NAME |
| Personal name |
Sadock, Virginia A. |
| Relator term |
ავტორი |
| 9 (RLIN) |
8718 |
| 700 ## - ADDED ENTRY--PERSONAL NAME |
| Personal name |
Sussman, Norman |
| Relator term |
ავტორი |
| 9 (RLIN) |
22074 |
| 942 ## - ADDED ENTRY ELEMENTS (KOHA) |
| Source of classification or shelving scheme |
|
| Koha item type |
წიგნი |